Vista normal Vista MARC

Entrada Título uniforme

Número de registros utilizados en: 4

001 - NÚMERO DE CONTROL

  • campo de control: 954

003 - IDENTIFICADOR DE NÚMERO DE CONTROL

  • campo de control: PE-LiUPU

005 - FECHA Y HORA DE LA ÚLTIMA TRANSACCIÓN

  • campo de control: 20230222101001.0

008 - ELEMENTOS DE DATO DE LONGITUD-FIJA

  • campo de control de longitud fija: 230222|| aca||aabn | a|a d

040 ## - FUENTE DE CATALOGACIÓN

  • Centro catalogador/agencia de origen: PE-LiUPU

130 ## - ENCABEZAMIENTO--TÍTULO UNIFORME

  • Título uniforme: Biblia.
  • Fecha de publicación/de la obra: [1979]
  • Lenguaje de la obra: Inglés
  • Versión: King James